| 000 | 00379 a2200157 4500 | ||
|---|---|---|---|
| 001 | 149948 | ||
| 040 | _cEscola São Tomás de Aquino | ||
| 100 | _aJECUPÉ, Kaka Werá | ||
| 240 | 1 | 0 |
_aA terra dos mil povos _lpor |
| 245 | 1 | 0 | _aA terra dos mil povos |
| 300 | _a115 | ||
| 362 | 0 | _a1998 | |
| 440 | 1 | _aPeirópolis | |
| 697 | _aFolclore / Adivinhações / Lendas | ||
| 942 | _cBK | ||
| 999 |
_c149948 _d149948 |
||